000 00498nam a2200193Ia 4500
005 20260622141922.0
008 131103s9999 xx 000 0 und d
040 _aLoreto College
041 _aEnglish
082 _a274
_bBAR
100 _aBarry, William
245 4 _aThe coming age and the catholic church
_b A forecast
_cWilliam Barry
260 _aLondon
_bCassell
_c1929
300 _avi,247p.
650 _aChristianity
651 _aCatholic church
850 _aLCLIB
942 _cBK
999 _c25547
_d76026